000 00298nam a22001217a 4500
008 260423b |||||||| |||| 00| 0 eng d
082 _a001321
100 _aJha, Vishwanath
245 _aDashakumar Charitam
260 _aDelhi
_bNew Bharatiya Book Corporation
_c2017
300 _a132p
942 _2ddc
999 _c1287
_d1287